00829nam a2200289Ia 4500008004100000020001800041050001000059050001400069100002300083245001700106245011700123245002400240260002100264260001400285260000900299300001400308300002800322300001000350650003100360650003000391650002500421650002100446650002100467650002100488700001100509999001900520170711s9999 xx 000 0 und d a9781906155483 a32.02 bD767 2009 aDraught Associates aVisual aid : bstuff you've forgotten, things you never thought you knew, and lessons you didn't quite get around to learning / cDraught Associates. aUnited Kingdom : bBlackdog, c2009 aunpaged : bcolored illustrations ; c17cm. aCuriosities and wonders -- aQuestions and answers --  aSigns and symbols -- xPictorial works. xPictorial works. xPictorial works. aTitle. c339761d339761